000 01066nam a2200313 i 4500
003 EG-GICUC
005 20260418162313.0
008 260418s1930 fr ||||fr|||| 00| 0 fre d
040 _a EG-GICUC
_c EG-GICUC
_d EG-GICUC
_erda
_bfre
041 _afre
_hfre
082 0 4 _221
_a343.1
_bGA . C
092 0 4 _221
099 _aLaw1 10 343.1 GA . C 1930
100 1 _aGarcon, E
_eAuteur
245 1 0 _aCode Penal.
_nTome III /
_c E. Garcon, Maurice Garcon
264 _aParis :
_bLibrairie De La Société Du Recueil Général Des Lois Et Arrêts,
_c1930.
300 _a368صفحة
_bإيضاحيات، صور، مثيليات ؛
_c24 سم
336 _2rda content
_atext
337 _2rda media
_aComputer
338 _2rda carrier
_aOnline Resource
500 _aTome 3 (Premier Fascicule) Les Contraventions
504 _aBibliography: pages 200-250. 240-220
650 1 _2Droit Pénal Général
651 1 _2qrmak
700 0 _aMaurice Garcon
856 4 0 _uhttps://fll.law.cu.edu.eg/B10-09833/bks/test.pdf
905 _a163
942 _2ddc
_cBK
_e21
_n0
999 _c71675
_d71675